[Event "Sitges Sunway op 10th"]
[Site "Sitges"]
[Date "2023.12.19"]
[Round "7"]
[White "Aggarwal, Vansh"]
[Black "Sherman, Reem"]
[Result "0-1"]
[WhiteElo "2088"]
[BlackElo "2283"]
[PlyCount "60"]
[EventDate "2023.12.12"]
[EventType "swiss"]
[EventRounds "10"]
[EventCountry "ESP"]
[SourceTitle "EXT 2025"]
[Source "ChessBase"]
[SourceDate "2024.10.14"]
[SourceVersion "1"]
[SourceVersionDate "2024.10.14"]
[SourceQuality "1"]

1. e4 e6 2. d4 d5 3. Nd2 c5 4. exd5 Qxd5 5. Ngf3 cxd4 6. Bc4 Qd6 7. 0-0 Nf6 8. Nb3 Nc6 9. Nfxd4 Nxd4 10. Nxd4 Be7 11. c3 0-0 12. Qf3 Qc7 13. Bb3 e5 14. Nf5 Bxf5 15. Qxf5 a5 16. Re1 a4 17. Bc2 Ra5 18. Qf3 Bd6 19. g3 Re8 20. Bd2 Ra6 21. Rad1 Bc5 22. Be3 b5 23. Rd2 e4 24. Qd1 Rae6 25. Bxc5 Qxc5 26. Rd8 h5 27. Qd4 Qf5 28. Rxe8+ Rxe8 29. c4 bxc4 30. Bxa4 Qa5 0-1

[Event "Pardubice Czech op-A 34th"]
[Site "Pardubice"]
[Date "2023.07.26"]
[Round "6"]
[White "Arhan, Chethan Anand"]
[Black "Aggarwal, Vansh"]
[Result "1-0"]
[WhiteElo "2342"]
[BlackElo "1908"]
[PlyCount "85"]
[EventDate "2023.07.21"]
[EventType "swiss"]
[EventRounds "9"]
[EventCountry "CZE"]
[SourceTitle "CBM 215 Extra"]
[Source "ChessBase"]
[SourceDate "2023.09.30"]
[SourceVersion "1"]
[SourceVersionDate "2023.09.30"]
[SourceQuality "1"]

1. e4 e5 2. Nf3 Nc6 3. d4 exd4 4. Nxd4 Bc5 5. Nb3 Bb6 6. Nc3 Nf6 7. Qe2 d6 8. Be3 Bxe3 9. Qxe3 Qe7 10. 0-0-0 Be6 11. h3 a6 12. g4 0-0-0 13. Bg2 Rhe8 14. Rhe1 h6 15. Nd4 Bd7 16. f4 Nxd4 17. Qxd4 Bc6 18. Qf2 Nd7 19. e5 dxe5 20. Bxc6 bxc6 21. Qa7 Nb8 22. Rxe5 Rxd1+ 23. Nxd1 Qd7 24. Qe3 Rxe5 25. Qxe5 f6 26. Qe4 Qf7 27. b3 Kb7 28. Ne3 Nd7 29. Nf5 Nb6 30. c4 Nc8 31. Nd4 Qd7 32. Ne6 Qe7 33. f5 Nb6 34. Qf4 a5 35. Qd4 Nd7 36. Qxd7 Qxd7 37. Nc5+ Kc8 38. Nxd7 Kxd7 39. c5 Kc8 40. Kb2 Kb7 41. Ka3 Ka7 42. Ka4 Ka6 43. a3 1-0

[Event "Madurai Athens of the East op 2nd"]
[Site "Madurai"]
[Date "2022.07.01"]
[Round "5"]
[White "Viani, Antonio Dcunha"]
[Black "Aggarwal, Vansh"]
[Result "1-0"]
[WhiteElo "2364"]
[BlackElo "1859"]
[PlyCount "89"]
[EventDate "2022.06.28"]
[EventType "swiss"]
[EventRounds "10"]
[EventCountry "IND"]
[SourceTitle "EXT 2023"]
[Source "ChessBase"]
[SourceDate "2022.10.05"]
[SourceVersion "1"]
[SourceVersionDate "2022.10.05"]
[SourceQuality "1"]

1. e4 e5 2. Nf3 Nc6 3. Bc4 Nf6 4. Ng5 d5 5. exd5 Na5 6. Bb5+ c6 7. dxc6 bxc6 8. Be2 h6 9. Nf3 e4 10. Ne5 Bc5 11. c3 Bd6 12. f4 Qc7 13. d4 exd3 14. Qxd3 Bxe5 15. fxe5 Qxe5 16. 0-0 Bg4 17. Bxg4 Nxg4 18. Bf4 Qc5+ 19. Kh1 Nf2+ 20. Rxf2 Qxf2 21. Qe4+ Kf8 22. Nd2 Rd8 23. Be3 Qf6 24. Bc5+ Kg8 25. Be7 Re8 26. Bxf6 Rxe4 27. Nxe4 gxf6 28. Rd1 Kg7 29. Nd6 Rb8 30. b4 Nb7 31. Nf5+ Kg6 32. Ne7+ Kg7 33. Nxc6 Rc8 34. b5 a6 35. a4 axb5 36. axb5 Ra8 37. Kg1 Ra2 38. Nb4 Ra5 39. c4 Ra4 40. Rb1 Nd6 41. b6 Ra5 42. Nd3 Ra8 43. c5 Nb7 44. c6 Nd6 45. b7 1-0

[Event "Mumbai Wealth op U13 4th"]
[Site "Mumbai"]
[Date "2019.01.04"]
[Round "6"]
[White "Yash, Satish Parab"]
[Black "Aggarwal, Vansh"]
[Result "0-1"]
[WhiteElo "1058"]
[BlackElo "1328"]
[PlyCount "128"]
[EventDate "2018.12.30"]
[EventType "swiss"]
[EventRounds "9"]
[EventCountry "IND"]
[SourceTitle "CBM 188 Extra"]
[Source "ChessBase"]
[SourceDate "2019.02.28"]
[SourceVersion "1"]
[SourceVersionDate "2019.02.28"]
[SourceQuality "1"]

1. e4 e5 2. Nf3 Nc6 3. Bb5 a6 4. Ba4 Nf6 5. 0-0 Be7 6. Re1 b5 7. Bb3 d6 8. c3 0-0 9. h3 Na5 10. Bc2 c5 11. d4 Qc7 12. d5 Re8 13. Nbd2 Bf8 14. Nf1 Bd7 15. Ng3 h6 16. b3 Nb7 17. Be3 a5 18. a3 Rec8 19. c4 Rcb8 20. a4 bxc4 21. bxc4 Nd8 22. Rb1 Rxb1 23. Qxb1 Rb8 24. Qa2 Qb6 25. Rb1 Qc7 26. Rxb8 Qxb8 27. Qb3 Qxb3 28. Bxb3 Nb7 29. Bc2 Ne8 30. Nh2 Nc7 31. Nf3 Na8 32. Bb3 Nb6 33. Ne2 Bxa4 34. Ba2 Bd7 35. Nc3 Be7 36. Nb5 Bd8 37. Bd2 Nc8 38. Bb3 Kf8 39. Ne1 Nb6 40. Nd3 Bxb5 41. Nxe5 dxe5 42. cxb5 Ke8 43. f4 Bc7 44. g3 f6 45. Be3 Bd6 46. Kf2 a4 47. Ba2 Na5 48. f5 Nb3 49. Ke2 Nd4+ 50. Bxd4 cxd4 51. Kd3 Kd8 52. h4 a3 53. h5 Na4 54. Bc4 Nb2+ 55. Kc2 Nxc4 56. Kb3 d3 57. Kxc4 d2 58. b6 d1Q 59. Kb5 Qb3+ 60. Kc6 Qb4 61. g4 a2 62. g5 a1Q 63. g6 Qc5+ 64. Kb7 Qc8# 0-1